The talk of the 'toon (Record no. 74102)

MARC details
000 -LEADER
fixed length control field 01341cab a2200241 4500
001 - CONTROL NUMBER
control field ABS67464
008 - FIXED-LENGTH DATA ELEMENTS--GENERAL INFORMATION
fixed length control field 040203n2004 000 0 eng u
035 ## - SYSTEM CONTROL NUMBER
System control number (Sirsi) u124993
100 ## - MAIN ENTRY--PERSONAL NAME
Personal name Bell, L.
245 #4 - TITLE STATEMENT
Title The talk of the 'toon
260 ## - PUBLICATION, DISTRIBUTION, ETC.
Date of publication, distribution, etc. 2004
490 ## - SERIES STATEMENT
Series statement RICS Business
Volume/sequential designation February 2004, 16-20(4)
520 ## - SUMMARY, ETC.
Summary, etc. Spotlight on Newcastle, dubbed recently in "The Times" as 'the new capital of Britain, and focus of new research by RICS and Demos - "Northern soul: culture, creativity and quality of place in Newcastle and Gateshead" (ISBN 1841801178) - , which suggeststhat people are migrating from London to northeast England for the better quality of life and that Newcastle is enjoying a 'brain gain'through an influx of the creative industries. The report identifies the key factors contributing to the balanced development of Newcastle and Gateshead. Newcastle has been the recipient of major regeneration funding from central government, the EU and support from English Partnerships and the private sector.
590 ## - LOCAL NOTE (RLIN)
Local note ABS
650 ## - SUBJECT ADDED ENTRY--TOPICAL TERM
Topical term or geographic name entry element GATESHEAD
650 ## - SUBJECT ADDED ENTRY--TOPICAL TERM
Topical term or geographic name entry element FUNDING
650 ## - SUBJECT ADDED ENTRY--TOPICAL TERM
Topical term or geographic name entry element ENGLISH PARTNERSHIPS
650 ## - SUBJECT ADDED ENTRY--TOPICAL TERM
Topical term or geographic name entry element REDEVELOPMENT
650 ## - SUBJECT ADDED ENTRY--TOPICAL TERM
Topical term or geographic name entry element NEWCASTLE UPON TYNE
690 ## - LOCAL SUBJECT ADDED ENTRY--TOPICAL TERM (OCLC, RLIN)
Topical term or geographic name as entry element REGENERATION
856 ## - ELECTRONIC LOCATION AND ACCESS
Uniform Resource Identifier <a href="https://www.rics.org/RICSWEB/getpage.aspx?p=cYM2_uwODUWu2NEpAMuifA">https://www.rics.org/RICSWEB/getpage.aspx?p=cYM2_uwODUWu2NEpAMuifA</a>
Public note View on RICS website.
942 ## - ADDED ENTRY ELEMENTS (KOHA)
Suppress in OPAC 0
Holdings
Withdrawn status Lost status Source of classification or shelving scheme Damaged status Not for loan Home library Current library Shelving location Date acquired Total Checkouts Full call number Barcode Date last seen Copy number Price effective from Koha item type
    Dewey Decimal Classification     London London Journal article 03/02/2004   ABS67464 124993-1001 06/08/2019 1 06/08/2019 Journal article